Bharat Mein Musalmano ka Katle Aam (Record no. 595767)
[ view plain ]
| 000 -LEADER | |
|---|---|
| fixed length control field | 00318nam a22001217a 4500 |
| 040 ## - CATALOGING SOURCE | |
| Transcribing agency | NUST |
| 082 ## - DEWEY DECIMAL CLASSIFICATION NUMBER | |
| Classification number | 954 AZI |
| 100 ## - MAIN ENTRY--PERSONAL NAME | |
| Personal name | Bharani, Aziz |
| 9 (RLIN) | 114451 |
| 245 ## - TITLE STATEMENT | |
| Title | Bharat Mein Musalmano ka Katle Aam |
| 260 ## - PUBLICATION, DISTRIBUTION, ETC. | |
| Place of publication, distribution, etc. | Lahore: |
| Name of publisher, distributor, etc. | Asif Javed, |
| Date of publication, distribution, etc. | 2005. |
| 650 ## - SUBJECT ADDED ENTRY--TOPICAL TERM | |
| Topical term or geographic name entry element | Bharat Mein Musalmano ka Katle Aam |
| 9 (RLIN) | 114452 |
| 942 ## - ADDED ENTRY ELEMENTS (KOHA) | |
| Source of classification or shelving scheme | |
| Koha item type | Book |
| Withdrawn status | Lost status | Source of classification or shelving scheme | Damaged status | Not for loan | Permanent Location | Current Location | Shelving location | Date acquired | Total Checkouts | Total Renewals | Full call number | Barcode | Checked out | Date last seen | Date last checked out | Price effective from | Koha item type |
|---|---|---|---|---|---|---|---|---|---|---|---|---|---|---|---|---|---|
| College of Electrical & Mechanical Engineering (CEME) | College of Electrical & Mechanical Engineering (CEME) | General Stacks | 09/05/2023 | 1 | 2 | 954 AZI | CEME-40392 | 01/21/2026 | 11/19/2025 | 11/19/2025 | 09/05/2023 | Book |
